|
|
|
|
| LEADER |
00949nam a2200313 4500 |
| 001 |
DLU110129672 |
| 005 |
##20111223 |
| 040 |
# |
# |
|a DLU
|b eng
|
| 041 |
# |
# |
|a eng
|
| 044 |
# |
# |
|a us
|
| 100 |
# |
# |
|a Baynes, Timothy Malcolm.
|
| 245 |
# |
# |
|a Historical calibration of a water account system /
|c Timothy Malcolm Baynes, Graham Mark Turner, James West.
|
| 653 |
# |
# |
|a Australia
|
| 653 |
# |
# |
|a Calibration
|
| 653 |
# |
# |
|a Data processing
|
| 653 |
# |
# |
|a History
|
| 653 |
# |
# |
|a Water supply
|
| 700 |
# |
# |
|a Turner, Graham Mark.
|
| 700 |
# |
# |
|a West, James.
|
| 773 |
# |
# |
|t Journal of Water Resources Planning and Management
|g Vol. 137, no. 1 (January/February 2011), p. 41-50
|
| 920 |
# |
# |
|a Phòng Tạp chí -- Trung tâm Thông tin - Thư viện Trường Đại học Đà Lạt
|
| 994 |
# |
# |
|a DLU
|
| 900 |
# |
# |
|a True
|
| 911 |
# |
# |
|a Trương Bảo Trâm Anh
|
| 925 |
# |
# |
|a G
|
| 926 |
# |
# |
|a A
|
| 927 |
# |
# |
|a BB
|
| 980 |
# |
# |
|a Thư viện Trường Đại học Đà Lạt
|